000 00289nam a22001337a 4500
008 170829b xxu||||| |||| 00| 0 eng d
020 _a2900312683060
041 _aeng
080 _239
_a070
100 _a39
101 _aMED
245 _aSTEP BY STEP
_cGARDNER.J.H
942 _2udc
_cBK
999 _c25366
_d25366